000 00388nam a2200157Ia 4500
003 GCL
008 140319s9999 xx 000 0 eng d
040 _aGCL /
_cGCL
082 0 4 _a759.9492
_bF D
100 1 _aFUCHS, R. H.
245 1 0 _aDUTCH PAINTING /
_cFUCHS, R. H.
260 _a[S.N] :
_bTHAMES AND HUDSON ،
_c1994
300 _a216
650 0 4 _aDUTCH PAINTING
942 _2ddc
_cBK
999 _c25252
_d25252